Monopoly Board - World Edition Quiz - Statistics

General Stats
  • This quiz has been taken 496 times
  • The average score is 17 of 40
Answer Stats
Location % Correct
London
86%
New York
84%
Paris
83%
Tokyo
77%
Beijing
68%
Rome
68%
Sydney
68%
Go
59%
Shanghai
56%
Toronto
56%
Barcelona
55%
Athens
54%
Istanbul
52%
Go to Jail
50%
Hong Kong
50%
Jail
50%
Montreal
47%
Cape Town
46%
Chance
46%
Chance
46%
Chance
46%
Community Chest
44%
Community Chest
44%
Community Chest
44%
Free Parking
43%
Vancouver
42%
Jerusalem
40%
Taipei
36%
Income Tax
33%
Kyiv (Kiev)
33%
Riga
27%
Belgrade
24%
Super Tax
15%
Gdynia
13%
Monopoly Air
9%
Monopoly Rail
9%
Monopoly Space
9%
Solar Energy
9%
Wind Energy
9%
Monopoly Cruise
8%
No matching quizzes found
Score Distribution
Percent of People with Each Score
Percentile by Number Answered
Your Score History
You have not taken this quiz